Over in the meadow / (Record no. 8895)

MARC details
000 -LEADER
fixed length control field 01077nam a22002777a 4500
001 - CONTROL NUMBER
control field 8895
003 - CONTROL NUMBER IDENTIFIER
control field FISKH
005 - DATE AND TIME OF LATEST TRANSACTION
control field 20251120160306.0
008 - FIXED-LENGTH DATA ELEMENTS--GENERAL INFORMATION
fixed length control field 251030b cb ||||| |||| 00| 0 eng d
020 ## - INTERNATIONAL STANDARD BOOK NUMBER
International Standard Book Number 9781846431364
020 ## - INTERNATIONAL STANDARD BOOK NUMBER
International Standard Book Number 9780859536929
040 ## - CATALOGING SOURCE
Original cataloging agency FISKH
Language of cataloging eng
Transcribing agency FISKH
Modifying agency FISKH
050 ## - LIBRARY OF CONGRESS CALL NUMBER
Classification number PZ8.3 .O9
082 ## - DEWEY DECIMAL CLASSIFICATION NUMBER
Classification number 398.8
100 ## - MAIN ENTRY--PERSONAL NAME
Personal name Evans, Michael
245 ## - TITLE STATEMENT
Title Over in the meadow /
Statement of responsibility, etc. illustrated by Michael Evans
260 ## - PUBLICATION, DISTRIBUTION, ETC.
Place of publication, distribution, etc. Swindon :
Name of publisher, distributor, etc. Child's Play,
Date of publication, distribution, etc. 2002.
300 ## - PHYSICAL DESCRIPTION
Extent 16 unnumbered pages :
Other physical details color illustrations ;
Dimensions 21 cm
505 ## - FORMATTED CONTENTS NOTE
Formatted contents note H<br/>
520 ## - SUMMARY, ETC.
Summary, etc. All children love this traditional rhyme and singing along will help to develop number skills. Bouncy illustrations, innovative die cutting and popular rhymes make Books with Holes a must for every child. Available in three formats, suitable for babies, toddlers, pre-schoolers and the nursery or classroom. Complete with Audio CD.
521 8# - TARGET AUDIENCE NOTE
Target audience note 430<br/>
Source Lexile estimate<br/><br/>
521 8# - TARGET AUDIENCE NOTE
Target audience note H<br/>
Source Raz-Plus<br/>
650 ## - SUBJECT ADDED ENTRY--TOPICAL TERM
Topical term or geographic name entry element Numbers and Counting
Form subdivision Animals
942 ## - ADDED ENTRY ELEMENTS (KOHA)
Source of classification or shelving scheme Dewey Decimal Classification
Koha item type Books
Suppress in OPAC No
Holdings
Withdrawn status Lost status Source of classification or shelving scheme Damaged status Not for loan Collection Home library Current library Shelving location Date acquired Total Checkouts Full call number Barcode Date last seen Copy number Price effective from Koha item type
    Dewey Decimal Classification     Juvenile Fiction Footprints International School Library Network Toul Tom Poung Campus Footprints International School Library Network Toul Tom Poung Campus TTP Primary Dark Blue Bookshelves 10/30/2025   EVA 398.8 PZ8.3 .O9 FISTK02604 10/30/2025 1 10/30/2025 Books
    Dewey Decimal Classification     Juvenile Fiction Footprints International School Library Network Toul Tom Poung Campus Footprints International School Library Network Toul Tom Poung Campus TTP Primary Dark Blue Bookshelves 11/19/2025   EVA 398.8 PZ8.3 .O9 FISTK01648 11/19/2025 2 11/19/2025 Books